000 00279nam a22001217a 4500
008 181224b xxu||||| |||| 00| 0 eng d
041 _aeng
080 _a530
100 _a43
101 _aFIZ
245 _aA First Course in Laboratory Physics
_cMillikan,R.A
942 _2udc
_cBK
999 _c53715
_d53715